000 00716nam a2200205 4500
001 3301
005 20181127170952.0
010 0 0 _a
020 0 0 _a9789993628149
090 0 0 _a362.4095498 N27711t 2011
110 _aNational Statistics Bureau.
_b
_c
_d
_e
_n
_p
245 0 0 _aTwo-stage child disability study among children 2-9 years :
_bBhutan 2010-2011 /
_cNational Statistics Bureau.
_h
250 0 0 _a
260 0 0 _aThimphu :
_bNational Statistics Bureau,
_c2012.
300 0 0 _a104 p. : col. ill. ; 26 cm.
500 0 0 _a"United Nations Children's Fund".
650 0 0 _aChildren with disabilities --Bhutan.
_x
650 0 0 _aHealth surveys --Bhutan.
_x
710 _aUnited Nations Children's Fund (UNICEF).
_b
_c
_d
_n
_o
_p
_r
_s
_t
999 _c2665
_d2665